000 00661nam a2200241 a 4500
001 nice12345678
003 IN_TiNIC
005 20260116013015.0
008 050524s1987 alta grp 000 0 fre
020 _a
_c100
082 0 0 _a291.172
_bLEV
100 _aLevart, Jacques
245 _aUne Experience De Dialogue, Les Centres D`Etude Chretiens En Monde Musulman
260 _aAltenberge
_bChristlich-Islamisches Schriftum
_c1987
300 _a392p
500 _aincludes index and biblioraphy
505 2 _aIndex
650 _aInterfaith Dialogue-Christian Musli
700 1 _aLevart, Jacques
902 _bSRS
942 _cBK
999 _c9246
_d9246